Motilal Nehru birth centenary souvenier (Record no. 375009)

000 -LEADER
fixed length control field 00406cam a22001337a 4500
008 - FIXED-LENGTH DATA ELEMENTS--GENERAL INFORMATION
fixed length control field 180718b1961 xxu||||| |||| 00| 0 eng d
082 ## - DEWEY DECIMAL CLASSIFICATION NUMBER
Classification number A99 N3152 N143
245 ## - TITLE STATEMENT
Title Motilal Nehru birth centenary souvenier
Statement of responsibility, etc. edited by L.R. Nair
260 ## - PUBLICATION, DISTRIBUTION, ETC.
Place of publication, distribution, etc. New Delhi
Name of publisher, distributor, etc. Motilal Nehru Centenary Committee
Date of publication, distribution, etc. 1961
300 ## - PHYSICAL DESCRIPTION
Extent 203p.
500 ## - GENERAL NOTE
General note Rs.10.00
650 ## - SUBJECT ADDED ENTRY--TOPICAL TERM
Topical term or geographic name entry element Nehru, Motilal, 1961 - 1931
700 ## - ADDED ENTRY--PERSONAL NAME
Personal name Nair, L.R.,ed.
Holdings
Withdrawn status Lost status Damaged status Not for loan Permanent Location Current Location Date acquired Full call number Barcode Date last seen Price effective from Koha item type
        Indian Institute of Public Administration Indian Institute of Public Administration 1994-07-04 A99 N3152 N143 27269 2018-07-21 2018-07-21 Book

Powered by Koha